=LDR 00000nam 2200000 4500 =001 INLIS000000000039507 =005 20130612145131 =008 ***********************************Ind** =035 ##$$0010-061300000039507 =041 ##$$a Ind =082 ##$$a 659.1 =090 ##$$a 659.1, Wat m =100 ##$$a Watono, A.Adji =245 ##$$a My Life, My Way, My Blood ; Advertising That Makesmoney/A.Adji Watono =260 ##$$a 2008 $b Gramedia =300 ##$$a 316 Hlm, 235 Cm =850 ##$$a NBPNMAT